Western fundamentalism in action (Record no. 2720)

000 -LEADER
fixed length control field 00289nam a22001217a 4500
020 ## - INTERNATIONAL STANDARD BOOK NUMBER
International Standard Book Number 9694480396
082 ## - DEWEY DECIMAL CLASSIFICATION NUMBER
Classification number 327.1
100 ## - MAIN ENTRY--PERSONAL NAME
Personal name Dr. S.M Koreshi
245 ## - TITLE STATEMENT
Title Western fundamentalism in action
260 ## - PUBLICATION, DISTRIBUTION, ETC.
Place of publication, distribution, etc. Islamabad
Name of publisher, distributor, etc. Institute of policy studies
Date of publication, distribution, etc. 1995.
300 ## - PHYSICAL DESCRIPTION
Extent 306p
942 ## - ADDED ENTRY ELEMENTS (KOHA)
Koha item type Book
Holdings
Withdrawn status Lost status Source of classification or shelving scheme Damaged status Not for loan Collection code Permanent Location Current Location Shelving location Date acquired Total Checkouts Total Renewals Full call number Barcode Date last seen Date last checked out Price effective from Koha item type
            Central Library (CL) Central Library (CL) General Stacks 03/16/2016 1 1 327.1 KOR S3H-N-1747 02/07/2023 04/02/2019 03/16/2016 Book
© 2023 Central Library, National University of Sciences and Technology. All Rights Reserved.